| 000 | 00885cab a2200253 4500 | ||
|---|---|---|---|
| 001 | ABS42362 | ||
| 008 | 090401t1990 xxu||||| |||| 00| 0 eng d | ||
| 035 | _a(Sirsi) u36371 | ||
| 041 | _aeng | ||
| 100 | _aKatowski, O. | ||
| 245 | _aInstruments and systems for the surveillance of man-made structures and of areas subject to geophysical movement | ||
| 260 | _c1990 | ||
| 350 | _a0 | ||
| 490 |
_aCivil Engineering Surveyor _v15(2) march 1990, 20-23(4) |
||
| 520 | _aDiscusses the techniques for monitoring structures and features subject to geophysical movement and reviews the equipment available, specifically from Wild Leitz Ltd . | ||
| 650 | _aDEFORMATION MONITORING | ||
| 650 | _aELECTRONIC DISTANCE MEASURING | ||
| 650 | _aMEASURING | ||
| 650 | _aSURVEYING INSTRUMENTS | ||
| 650 | _aTHEODOLITES | ||
| 690 | _aLAND SURVEYING | ||
| 942 | _n0 | ||
| 948 | _c04/03/1997 | ||
| 999 |
_c23644 _d23644 |
||